000
00311pab a2200133 454500
008
180718b2015 xxu||||| |||| 00| 0 eng d
100
_a
Mankiw, N. Gregory
245
_a
Yes, r > g. So what?
260
_c
2015
300
_a
p.43-47.
362
_a
May
773
_a
American Economic Review
909
_a
108218
999
_c
108213
_d
108213